| 000 | 00535cam a2200205ua 4500 | ||
|---|---|---|---|
| 001 | 11139 | ||
| 005 | 20260515114717.0 | ||
| 008 | 190829n ii |||gr||||Z||||||eng | ||
| 020 | _a9789332518322 | ||
| 040 | _cMAIN | ||
| 041 | _aeng | ||
| 082 | _a339.01 | ||
| 100 |
_aRichard T Froyen, _eAuthor. |
||
| 245 |
_aMacroeconomics : _bTheories and policies / _cBy Richard T Froyen . |
||
| 250 | _a12th imp. | ||
| 260 |
_aUttar Pradesh: _bPearson, _c2018. |
||
| 300 | _a385p. | ||
| 653 | _aMacroeconomics & related topics | ||
| 942 | _cBK | ||
| 999 |
_c9992 _d9992 |
||